人口が1000人未満の町村 - Statistics

General Stats
  • This quiz has been taken 172 times
  • The average score is 24 of 34
Answer Stats
都道府県 人口 回答 % Correct
東京都 169人 青ヶ島村
98%
東京都 323人 御蔵島村
88%
東京都 327人 利島村
87%
鹿児島県 740人 十島村
86%
福島県 504人 檜枝岐村
84%
和歌山県 404人 北山村
84%
新潟県 353人 粟島浦村
84%
北海道 706人 音威子府村
82%
奈良県 444人 上北山村
80%
奈良県 753人 下北山村
79%
鹿児島県 405人 三島村
79%
沖縄県 590人 北大東村
78%
山梨県 530人 丹波山村
76%
奈良県 357人 野迫川村
73%
沖縄県 346人 渡名喜村
72%
島根県 634人 知夫村
71%
沖縄県 718人 渡嘉敷村
70%
山梨県 684人 小菅村
70%
長野県 548人 売木村
70%
高知県 366人 大川村
70%
高知県 745人 馬路村
69%
沖縄県 683人 粟国村
67%
長野県 852人 根羽村
66%
岡山県 813人 新庄村
66%
奈良県 623人 黒滝村
65%
長野県 715人 王滝村
63%
長野県 387人 平谷村
61%
沖縄県 892人 座間味村
59%
北海道 870人 神恵内村
57%
熊本県 931人 五木村
56%
長野県 962人 南相木村
55%
長野県 752人 北相木村
55%
福島県 847人 大熊町
50%
福島県 420人 葛尾村
48%
No matching quizzes found
Score Distribution
Percent of People with Each Score
Percentile by Number Answered
Your Score History
You have not taken this quiz